Information systems today: (Record no. 363870)
[ view plain ]
| 000 -LEADER | |
|---|---|
| fixed length control field | 00442nam a2200133Ia 4500 |
| 008 - FIXED-LENGTH DATA ELEMENTS--GENERAL INFORMATION | |
| fixed length control field | 200626s9999 xx 000 0 und d |
| 020 ## - INTERNATIONAL STANDARD BOOK NUMBER | |
| International Standard Book Number | 978-0-273-75681-1 |
| 100 ## - MAIN ENTRY--PERSONAL NAME | |
| Personal name | Valacich, Joe |
| 245 ## - TITLE STATEMENT | |
| Statement of responsibility, etc | Joe Valacich, Christoph Schneider.-- |
| Title | Information systems today: |
| Remainder of title | Managing in the digital world:/ |
| 250 ## - EDITION STATEMENT | |
| Edition statement | 5th ed. |
| 260 ## - PUBLICATION, DISTRIBUTION, ETC. (IMPRINT) | |
| Place of publication, distribution, etc | England: |
| Name of publisher, distributor, etc | Pearson Education Limited |
| Date of publication, distribution, etc | 2012 |
| 300 ## - PHYSICAL DESCRIPTION | |
| Extent | 575 pages |
| 500 ## - GENERAL NOTE | |
| General note | Includes Reference, and Index |
| Withdrawn status | Lost status | Source of classification or shelving scheme | Damaged status | Home library | Current library | Shelving location | Date acquired | Source of acquisition | Total Checkouts | Full call number | Barcode | Date last seen | Price effective from | Koha item type |
|---|---|---|---|---|---|---|---|---|---|---|---|---|---|---|
| Library of Congress Classification | Southville International School Affiliated with Foreign Universities Library | Southville International School Affiliated with Foreign Universities Library | Southville Foreign University Section | 06/27/2020 | Donation | T58.5 .V135 2012 | SFU1353 | 06/27/2020 | 06/27/2020 | Books |